Carrots and sticks don't work : (Record no. 83363)

MARC details
000 -LEADER
fixed length control field 01162nam a22002537a 4500
005 - DATE AND TIME OF LATEST TRANSACTION
control field 20140505123505.0
010 ## - LCCN (DPL NO)
LC control number ENG-109682
020 ## - INTERNATIONAL STANDARD BOOK NUMBER
International Standard Book Number 9789339204389
Terms of availability 450.00
020 ## - INTERNATIONAL STANDARD BOOK NUMBER
International Standard Book Number 9339204387
Terms of availability 450.00
035 ## - SYSTEM CONTROL NUMBER
System control number EN-93215
037 ## - SOURCE OF ACQUISITION
Source of stock number/acquisition DBAD/PUB
082 ## - DEWEY DECIMAL CLASSIFICATION NUMBER
Classification number 658.314
100 ## - MAIN ENTRY--PERSONAL NAME
Personal name Marciano, Paul L.
245 00 - TITLE STATEMENT
Title Carrots and sticks don't work :
Statement of responsibility, etc by Paul L. Marciano
Remainder of title build a culture of employee engagement with the principles of respect /
260 ## - PUBLICATION, DISTRIBUTION, ETC. (IMPRINT)
Place of publication, distribution, etc New Delhi
Name of publisher, distributor, etc McGraw Hill Education
Date of publication, distribution, etc 2014
270 ## - ADDRESS
Address P-24, Green Park Extn.
City New Delhi
Postal code 110016
300 ## - PHYSICAL DESCRIPTION
Extent xxviii,227p.
Dimensions 22cm(pbk)
500 ## - GENERAL NOTE
General note Includes bibliographical references and index.
505 ## - FORMATTED CONTENTS NOTE
Formatted contents note The workplace "carrot-on-a-stick" -- Reward and recognition programs don’t work -- Employee engagement -- The RESPECT model : building a culture of employee engagement -- Recognition -- Empowerment -- Supportive feedback -- Partnering -- Expectation -- Consideration -- Trust -- Implementing the RESPECT model.
650 ## - SUBJECT ADDED ENTRY--TOPICAL TERM
Topical term or geographic name as entry element Employee motivation.
650 ## - SUBJECT ADDED ENTRY--TOPICAL TERM
Topical term or geographic name as entry element Employees
General subdivision Attitudes.
650 ## - SUBJECT ADDED ENTRY--TOPICAL TERM
Topical term or geographic name as entry element Organizational commitment.
942 ## - ADDED ENTRY ELEMENTS (KOHA)
Source of classification or shelving scheme Dewey Decimal Classification
Item type English Books
Call number suffix MAR
Classification part 658.314
Holdings
Withdrawn status Lost status Not for loan Collection code Home library Current library Date acquired Source of acquisition Cost, normal purchase price Full call number Barcode Copy number Cost, replacement price Koha item type
    Not For Loan Non-fiction D.B.Act.Division D.B.Act.Division 11/04/2014 DBAD/PUB 450.00 658.314 MAR EN-93215 1 450.00 English Books

© Delhi Public Library
Hit Counter
free hit counter